Normal view MARC view
  • Association of Chief Estates Surveyors and Property Managers in the Public Sector

Entry Corporate Name

Number of records used in: 3

001 - CONTROL NUMBER

  • control field: 5693

003 - CONTROL NUMBER IDENTIFIER

  • control field: SIRSI

005 - DATE AND TIME OF LATEST TRANSACTION

  • control field: 20190806150245.0

008 - FIXED-LENGTH DATA ELEMENTS

  • fixed length control field: 090130n| acannaabn |n ana d

040 ## - CATALOGING SOURCE

  • Original cataloging agency: OSt
  • Transcribing agency: OSt

110 2# - HEADING--CORPORATE NAME

  • Corporate name or jurisdiction name as entry element: Association of Chief Estates Surveyors and Property Managers in the Public Sector

670 ## - SOURCE DATA FOUND

  • Source citation: Per annum, 2008